000
00307nam a22001337a 4500
008
170808b xxu||||| |||| 00| 0 eng d
020
_a
9780805826425
041
_a
eng
080
_a
004
100
_a
33
101
_a
SHKI
245
_a
TEXTBOOK OF LITERACY AND TECHNOLOGY
_c
REINKING, D
942
_2
udc
_c
BK
999
_c
22869
_d
22869